| 000 | 00641nam a2200193 a 4500 | ||
|---|---|---|---|
| 005 | 20210223125201.0 | ||
| 008 | 031014s1977 mx r 000 0 spa d | ||
| 035 | _aUPN01000130169 | ||
| 049 | _aCG | ||
| 050 | 4 |
_aZ7407 _bL3.3 |
|
| 100 | 1 |
_aLafuente López, Ramiro _928933 |
|
| 245 | 1 | 0 |
_aIntroducción bibliográfica a la ciencia de la ciencia / _cpreparada por Ramiro Lafuente, Alfonso Ayensa. |
| 260 |
_aMéxico : _bCONACYT, _c1977. |
||
| 300 | _a271 p. | ||
| 440 | 0 |
_aBibliografías. _pConsejo Nacional de Ciencia y Tecnología ; _v4 |
|
| 650 | 4 |
_aCIENCIA - _vBIBLIOGRAFIA _99876 |
|
| 700 | 1 |
_aAyensa, Alfonso, _ecoaut. |
|
| 905 | _aLibro | ||
| 999 |
_c102326 _d102326 |
||